000 00645nam a2200241Ia 4500
005 20260121112728.0
008 8322 260114s9999 xx 000 0 eng d
020 _a9789812567192
037 _aEBOOK
040 _aCRL
_beng
_cCRL
041 _aeng
_2eng
084 _qCRL
100 _aLau Sing, Hui N N Anna & Ng Y C Grace
_9962267
245 0 _aCreativity: When East Meets West
260 _bWorld Scientific
260 _bWSPC
260 _c2004
650 _aEducation
_9962268
856 _uhttps://www.worldscientific.com/worldscibooks/10.1142/5524#t=toc
942 _cEBOOK
999 _c1545622
_d1545622